000 00453cam a2200145 4500500
005 20251012012028.0
041 _afre
042 _adc
100 1 0 _aRontard, Yseult
_eauthor
245 0 0 _aDescription de l’homme
260 _c2020.
500 _a50
786 0 _nPhilosophie magazine | 139 | 6 | 2020-06-01 | p. 48-49 | 1951-1787
856 4 1 _uhttps://shs.cairn.info/magazine-philosophie-magazine-2020-6-page-48?lang=fr&redirect-ssocas=7080
999 _c1525184
_d1525184